000 00646 a2200181 4500
999 _c8166
_d8166
010 _aENG-88336
020 _a8178271052
_c700.00
035 _aEN-71869
037 _bDBAD / PUB
082 0 0 _a332.10954
100 1 _aSuhrawardy, Nilofar
245 1 0 _aAyodhya without the communal stamp:
_bin the name of Indian secularism/
_cby Nilofar Suhrawardy
260 _aNew Delhi
_bManak Publications
_c2006
270 _aB-7, Saraswati Complex, Subhash Chowk, Laxmi Nagar,
_bNew Delhi
_e110 092
300 _axx, 240p.
_c22cm (Hb)
500 _aIncludes bibliographical references and index.
942 _adpl
_cEN
_2ddc
_h332.10954
_mNIL